| 000 | 01195nam a2200229Ia 4500 | ||
|---|---|---|---|
| 001 | L513-25864 | ||
| 003 | IT-CnALBA | ||
| 008 | 170116s9999||||xx |||||||||||||| ||und|| | ||
| 040 |
_aIT-CnALBA _cIT-CnALBA |
||
| 041 | _aITALIANO | ||
| 100 | _aMINAUDO ERNESTO, PROF. | ||
| 245 | 0 | _aARITMETICA PRATICA. PER LA 1 E 2 CLASSE DELLA SCUOLA MEDIA. | |
| 250 | _a6a ed. | ||
| 260 |
_a TO GENOVA _bLATTES S. & C. EDITORI _c1968 [1° Ed.: n.d.] |
||
| 300 | _a351 p. | ||
| 500 | _aNUMERI INTERI E DECIMALI. OPERAZIONI FONDAMENTALI. SISTEMA METRICO DECIMALE ELEVAZIONE A POTENZA. PROVA DEL NOVE. NUMERI PRIMI. M.C.D. M.C.M. FRAZIONI MISURE NON DECIMALI PER IL TEMPO E GLI ANGOLI. RADICE QUADRATA. RAPPORTI E PROPORZIONI. PERCENTUALE. INT | ||
| 501 | _aSocietà San Paolo EM - Piazza San Paolo, 14 - 12051 ALBA (CN) (non commercial uses only) ® Copyright 2017 | ||
| 520 | _aNUMERI INTERI E DECIMALI. OPERAZIONI FONDAMENTALI. SISTEMA METRICO DECIMALE ELEVAZIONE A POTENZA. PROVA DEL NOVE. NUMERI PRIMI. M.C.D. M.C.M. FRAZIONI MISURE NON DECIMALI PER IL TEMPO E GLI ANGOLI. RADICE QUADRATA. RAPPORTI E PROPORZIONI. PERCENTUALE. INT | ||
| 650 | _aARITMETICA | ||
| 942 | _cBK | ||
| 957 | _71 | ||
| 999 |
_a30651 _bNO _g Copie: 1 _c284977 _d284977 |
||